Cómo funciona el mundo: conversaciones con David Barsamian

Saved in:
書目詳細資料
主要作者: Chomsky, Noam (Author)
格式: 圖書
語言:西班牙语
出版: Madrid Katz 2012
版:3a. ed
叢編:Clave Intelectual
Serie Ensayos
主題:
標簽: 添加標簽
沒有標簽, 成為第一個標記此記錄!

MARC

LEADER 00000cam a2200000 a 4500
001 UCE8981
003 CL-VaPUC
008 150911e20120000sp |||||||||||||||||spa|d
020 |a 9788492946464 
082 0 4 |a 320  |b CHO  |2 21 
100 0 |a Chomsky, Noam  |e author  |9 320717 
245 1 0 |a Cómo funciona el mundo: conversaciones con David Barsamian 
250 |a 3a. ed 
300 |a 358 p 
942 |c BK 
945 |d 20150911 12:29:00  |a gsalatino 
260 |a Madrid  |b Katz  |c 2012 
650 0 |a Ensayos políticos  |9 468193 
650 0 |a Capitalismo  |9 255255 
650 7 |a POLITICA CONTEMPORANEA  |2 CL-VaPUC  |9 390447 
583 |a last modification  |c 20150911 12:29:00  |k Rodrigo Vera 
490 0 |a Clave Intelectual 
490 0 |a Serie Ensayos 
999 |c 360730  |d 360728 
952 |0 0  |1 0  |3 erb  |4 0  |6 320_000000000000000_CHO_2012  |7 0  |8 A  |9 470651  |a BIBEDU  |b BIBEDU  |i 5198666  |o 320 CHO 2012  |p 5198666  |r 2019-11-23  |w 2019-11-23  |y BK  |z Catalogado en:20150911  |k FIL